[Event "ZN-2020-0-04124"]
[Site "LSS email"]
[Date "2020.02.16"]
[Round "?"]
[White "Neuhausen, Rainer"]
[Black "Newton, Daryl"]
[Result "1-0"]
[WhiteElo "928"]
[BlackElo "281"]
[PlyCount "81"]
[EventDate "2020.02.14"]
[EventType "match (corr)"]
[EventRounds "2"]
[EventCountry "GER"]
[SourceTitle "Corr 2022"]
[Source "ChessBase"]
[SourceDate "2021.10.24"]
[SourceVersion "1"]
[SourceVersionDate "2021.10.24"]
[SourceQuality "1"]

1. e4 e5 2. Nf3 Bc5 3. Bc4 Nh6 4. 0-0 Qf6 5. Nc3 d6 6. d3 0-0 7. Na4 Qg6 8. Nxc5 Bh3 9. Nh4 Bg4 10. Nxg6 Bxd1 11. Ne7+ Kh8 12. Rxd1 dxc5 13. Nd5 Nc6 14. Bxh6 gxh6 15. Nxc7 Rac8 16. Nd5 Rg8 17. Bb5 Nd4 18. Ne7 Nxb5 19. Nxg8 Rxg8 20. c3 Nc7 21. d4 exd4 22. cxd4 Ne6 23. dxc5 Nxc5 24. f3 Ne6 25. g3 Ng5 26. Kf2 Re8 27. Rd7 Rb8 28. Rad1 a5 29. Rd8+ Rxd8 30. Rxd8+ Kg7 31. Rb8 Nh3+ 32. Ke3 f5 33. Rxb7+ Kg6 34. exf5+ Kxf5 35. Rb5+ Kg6 36. Rxa5 h5 37. b4 Ng5 38. Rxg5+ Kxg5 39. b5 h4 40. b6 hxg3 41. hxg3 1-0

[Event "ZN-2020-0-04124"]
[Site "LSS email"]
[Date "2020.02.16"]
[Round "?"]
[White "Newton, Daryl"]
[Black "Neuhausen, Rainer"]
[Result "0-1"]
[WhiteElo "281"]
[BlackElo "928"]
[PlyCount "93"]
[EventDate "2020.02.14"]
[EventType "match (corr)"]
[EventRounds "2"]
[EventCountry "GER"]
[SourceTitle "Corr 2022"]
[Source "ChessBase"]
[SourceDate "2021.10.24"]
[SourceVersion "1"]
[SourceVersionDate "2021.10.24"]
[SourceQuality "1"]

1. d4 d5 2. Nf3 Nf6 3. Bf4 e6 4. e3 Bd6 5. Bxd6 Qxd6 6. Ne5 Nbd7 7. Bd3 Nxe5 8. dxe5 Qxe5 9. c3 Bd7 10. Qf3 0-0 11. Nd2 Bc6 12. 0-0 d4 13. Be4 Bxe4 14. Nxe4 Nxe4 15. cxd4 Qd5 16. Qf4 Nd6 17. b4 Qf5 18. Qg3 Rfd8 19. a4 Rac8 20. Rad1 Ne4 21. Qe5 Qxe5 22. dxe5 Nc3 23. Rxd8+ Rxd8 24. a5 Rd1 25. Rxd1 Nxd1 26. h4 Nc3 27. Kf1 Nd5 28. b5 Nc3 29. a6 b6 30. g4 Nxb5 31. Ke2 c5 32. f4 Nc7 33. Kd3 Nxa6 34. f5 exf5 35. gxf5 b5 36. e4 Nb4+ 37. Kc3 Nc6 38. e6 fxe6 39. fxe6 h5 40. e5 Kf8 41. e7+ Kxe7 42. Kd3 Nxe5+ 43. Ke4 c4 44. Kxe5 c3 45. Kf5 c2 46. Kg6 c1Q 47. Kxg7 0-1

[Event "ZN-2020-0-04120"]
[Site "LSS email"]
[Date "2020.02.08"]
[Round "?"]
[White "Jurik, Jimmy"]
[Black "Neuhausen, Rainer"]
[Result "1-0"]
[WhiteElo "800"]
[BlackElo "966"]
[PlyCount "43"]
[EventDate "2020.02.01"]
[EventType "match (corr)"]
[EventRounds "2"]
[EventCountry "GER"]
[SourceTitle "Corr 2022"]
[Source "ChessBase"]
[SourceDate "2021.10.24"]
[SourceVersion "1"]
[SourceVersionDate "2021.10.24"]
[SourceQuality "1"]

1. c4 e5 2. Nc3 Nf6 3. g3 g6 4. Bg2 Bg7 5. e3 0-0 6. Nge2 Nc6 7. 0-0 d6 8. d4 Rb8 9. b3 Re8 10. dxe5 Nxe5 11. Nf4 Bd7 12. Bb2 Bc6 13. Qc2 Nf3+ 14. Kh1 Ng4 15. h3 Nf6 16. Ncd5 Nxd5 17. cxd5 Bxb2 18. Qxb2 Bb5 19. Bxf3 Bxf1 20. Rxf1 Qd7 21. g4 Qb5 22. Kg2 1-0

[Event "SN-2020-0-01012"]
[Site "LSS email"]
[Date "2020.01.23"]
[Round "?"]
[White "Maly, Marian"]
[Black "Neuhausen, Rainer"]
[Result "1/2-1/2"]
[WhiteElo "959"]
[BlackElo "963"]
[PlyCount "95"]
[EventDate "2019.12.21"]
[EventType "tourn (corr)"]
[EventRounds "6"]
[EventCountry "GER"]
[SourceTitle "Corr 2022"]
[Source "ChessBase"]
[SourceDate "2021.10.24"]
[SourceVersion "1"]
[SourceVersionDate "2021.10.24"]
[SourceQuality "1"]

1. b3 e5 2. Bb2 d6 3. d4 Nd7 4. dxe5 Nxe5 5. e4 Nf6 6. f4 Ng6 7. Nd2 Nxf4 8. g3 Ne6 9. Ngf3 Be7 10. Bg2 Bd7 11. e5 dxe5 12. Nxe5 c6 13. Nxd7 Qxd7 14. Qe2 0-0 15. 0-0-0 Qc7 16. Rhf1 Qa5 17. a4 Qh5 18. Bf3 Qh6 19. Kb1 Bb4 20. Ne4 Nxe4 21. Bxe4 Nc5 22. c3 Nxe4 23. cxb4 Qg6 24. Ka2 Rae8 25. Qd3 c5 26. Rde1 cxb4 27. Qc4 Nd2 28. Qxb4 Nxf1 29. Rxf1 Qd3 30. Qg4 g6 31. Qf4 Re2 32. Qf6 Rxb2+ 33. Kxb2 Qd5 34. Rc1 Qd7 35. Qf4 Rc8 36. Qe3 Rxc1 37. Kxc1 Qc6+ 38. Kb2 a6 39. h4 Qf6+ 40. Ka2 Qe6 41. Qd2 Qe7 42. Qd3 h5 43. Qc3 Qe2+ 44. Ka3 Qe7+ 45. Kb2 Qe2+ 46. Ka3 Qe7+ 47. Kb2 Qe2+ 48. Ka3 1/2-1/2

[Event "SN-2020-0-01012"]
[Site "LSS email"]
[Date "2020.01.23"]
[Round "?"]
[White "Neuhausen, Rainer"]
[Black "Caudill, Tom"]
[Result "0-1"]
[WhiteElo "963"]
[BlackElo "734"]
[PlyCount "90"]
[EventDate "2019.12.21"]
[EventType "tourn (corr)"]
[EventRounds "6"]
[EventCountry "GER"]
[SourceTitle "Corr 2022"]
[Source "ChessBase"]
[SourceDate "2021.10.24"]
[SourceVersion "1"]
[SourceVersionDate "2021.10.24"]
[SourceQuality "1"]

1. e4 c6 2. d4 d5 3. exd5 cxd5 4. Nf3 Nf6 5. Bd3 Bg4 6. Bg5 h6 7. Bxf6 exf6 8. 0-0 Be7 9. Re1 0-0 10. Nbd2 Nc6 11. c3 Re8 12. Qb3 Rb8 13. h3 Be6 14. Qc2 Qc8 15. Nf1 Bd6 16. Ne3 b5 17. Bf5 Ne7 18. Bxe6 fxe6 19. Nh4 f5 20. Nf3 Rf8 21. Nf1 Ng6 22. Ne5 Nxe5 23. dxe5 Be7 24. f4 Bc5+ 25. Kh1 Qd8 26. Nd2 Qb6 27. Nf3 Be3 28. Qd3 Bxf4 29. Nh4 Kh7 30. Qf1 Bg3 31. Nf3 Bxe1 32. Qxe1 b4 33. cxb4 Qxb4 34. b3 Qxe1+ 35. Rxe1 Kg6 36. Nd4 Rfe8 37. Rc1 Rb4 38. Nc6 Re4 39. Kg1 a6 40. Kf2 Kg5 41. Rc3 Rc8 42. Rg3+ Kh5 43. Rc3 d4 44. Rc4 d3 45. g4+ Kg5 0-1

[Event "SN-2020-0-01012"]
[Site "LSS email"]
[Date "2020.01.23"]
[Round "?"]
[White "Neuhausen, Rainer"]
[Black "Plastinin, Alexandr"]
[Result "1-0"]
[WhiteElo "963"]
[BlackElo "975"]
[PlyCount "87"]
[EventDate "2019.12.21"]
[EventType "tourn (corr)"]
[EventRounds "6"]
[EventCountry "GER"]
[SourceTitle "Corr 2022"]
[Source "ChessBase"]
[SourceDate "2021.10.24"]
[SourceVersion "1"]
[SourceVersionDate "2021.10.24"]
[SourceQuality "1"]

1. e4 e5 2. Nf3 Nc6 3. Bc4 Be7 4. c3 Nf6 5. d3 0-0 6. 0-0 d6 7. Bg5 h6 8. Bh4 Bg4 9. Nbd2 a6 10. Qc2 Nh7 11. Bxe7 Qxe7 12. d4 exd4 13. h3 Bxf3 14. Nxf3 Ne5 15. Nxe5 dxe5 16. cxd4 exd4 17. Bd3 Ng5 18. Rfe1 Qe5 19. Rac1 Rac8 20. Rf1 Ne6 21. Qb3 b5 22. Rc6 Nf4 23. Qd1 Qg5 24. Qf3 Rcd8 25. Rxc7 Rd6 26. Kh2 Rf6 27. Rcc1 Qe5 28. Kh1 Re8 29. Rfe1 Ne6 30. Qd1 Rxf2 31. Rf1 Rxb2 32. Rf5 Qg3 33. Rc2 Rxc2 34. Qxc2 Nf4 35. Bf1 d3 36. Qc7 Qg6 37. Qxf4 Rd8 38. Qc7 Rd6 39. Rd5 Rxd5 40. exd5 d2 41. Be2 Qb1+ 42. Kh2 d1Q 43. Bxd1 Qxd1 44. d6 1-0

[Event "SN-2019-0-01008"]
[Site "LSS email"]
[Date "2019.12.22"]
[Round "?"]
[White "Neuhausen, Rainer"]
[Black "Heiser, Jerome"]
[Result "1/2-1/2"]
[WhiteElo "995"]
[BlackElo "539"]
[PlyCount "39"]
[EventDate "2019.12.05"]
[EventType "tourn (corr)"]
[EventRounds "6"]
[EventCountry "GER"]
[SourceTitle "Corr 2022"]
[Source "ChessBase"]
[SourceDate "2021.10.24"]
[SourceVersion "1"]
[SourceVersionDate "2021.10.24"]
[SourceQuality "1"]

1. e4 e5 2. Nf3 Nc6 3. Bb5 d6 4. d4 Bd7 5. 0-0 Nf6 6. Re1 Be7 7. Bg5 h6 8. dxe5 dxe5 9. Bxc6 Bxc6 10. Bxf6 Bxf6 11. Nc3 0-0 12. Nd5 Bxd5 13. Qxd5 c6 14. Qxd8 Raxd8 15. Rad1 b5 16. Kf1 a5 17. Ke2 a4 18. Rxd8 Rxd8 19. Rd1 Rc8 20. Rd7 1/2-1/2

[Event "RN-2019-0-01586"]
[Site "LSS email"]
[Date "2019.12.21"]
[Round "?"]
[White "Neuhausen, Rainer"]
[Black "Brough, Carl"]
[Result "1-0"]
[WhiteElo "1008"]
[BlackElo "722"]
[PlyCount "57"]
[EventDate "2019.11.28"]
[EventType "tourn (corr)"]
[EventRounds "6"]
[EventCountry "GER"]
[SourceTitle "Corr 2022"]
[Source "ChessBase"]
[SourceDate "2021.10.24"]
[SourceVersion "1"]
[SourceVersionDate "2021.10.24"]
[SourceQuality "1"]

1. e4 e5 2. Nf3 Nc6 3. Bb5 Nf6 4. 0-0 Bc5 5. d3 Nd4 6. Nc3 c6 7. Bc4 h6 8. Be3 Nxf3+ 9. Qxf3 Bxe3 10. Qxe3 0-0 11. f4 d5 12. exd5 cxd5 13. fxe5 d4 14. Qg3 Ng4 15. Ne4 Kh8 16. Nd6 Ne3 17. Nxf7+ Rxf7 18. Rxf7 Nf5 19. Rxf5 Bxf5 20. e6 Qf6 21. Rf1 a6 22. Qc7 Re8 23. Qf7 Qxf7 24. exf7 Rf8 25. Rxf5 g5 26. Re5 Kg7 27. Re8 Rxf7 28. Bxf7 Kxf7 29. Re4 1-0

[Event "SN-2019-0-01007"]
[Site "LSS email"]
[Date "2019.12.15"]
[Round "?"]
[White "Neuhausen, Rainer"]
[Black "Heiser, Jerome"]
[Result "0-1"]
[WhiteElo "1001"]
[BlackElo "539"]
[PlyCount "76"]
[EventDate "2019.12.03"]
[EventType "tourn (corr)"]
[EventRounds "6"]
[EventCountry "GER"]
[SourceTitle "Corr 2022"]
[Source "ChessBase"]
[SourceDate "2021.10.24"]
[SourceVersion "1"]
[SourceVersionDate "2021.10.24"]
[SourceQuality "1"]

1. e4 e5 2. Nf3 Nc6 3. Bb5 d6 4. c3 a6 5. Ba4 b5 6. Bb3 Nf6 7. d3 h6 8. h3 Be7 9. Be3 0-0 10. Nbd2 Bb7 11. 0-0 Na5 12. Bc2 c5 13. Re1 Bc6 14. Nf1 c4 15. d4 Nxe4 16. Bxe4 Bxe4 17. N3d2 Bc6 18. Ng3 Bg5 19. Nf3 Bf4 20. Bxf4 exf4 21. Ne4 Re8 22. Qd2 Bxe4 23. Qxf4 f5 24. Nd2 d5 25. Nxe4 fxe4 26. Re3 Qf6 27. Qc7 Nc6 28. Rae1 Rac8 29. Qb6 Nb8 30. Qa5 Rf8 31. Rf1 Rc6 32. Kh1 Qf5 33. Qb4 Rcf6 34. Qc5 Qg5 35. Rg3 Qd2 36. Qxd5+ Kh8 37. Qb7 R6f7 38. Qxe4 Qxb2 0-1

[Event "SN-2019-0-01007"]
[Site "LSS email"]
[Date "2019.12.15"]
[Round "?"]
[White "Neuhausen, Rainer"]
[Black "Plummer, Martin"]
[Result "0-1"]
[WhiteElo "1001"]
[BlackElo "1150"]
[PlyCount "86"]
[EventDate "2019.12.03"]
[EventType "tourn (corr)"]
[EventRounds "6"]
[EventCountry "GER"]
[SourceTitle "Corr 2022"]
[Source "ChessBase"]
[SourceDate "2021.10.24"]
[SourceVersion "1"]
[SourceVersionDate "2021.10.24"]
[SourceQuality "1"]

1. e4 c5 2. Nf3 Nc6 3. d4 cxd4 4. Nxd4 a6 5. Nc3 g6 6. Be2 Bg7 7. Nb3 d6 8. 0-0 Nf6 9. f4 Qb6+ 10. Kh1 h5 11. Na4 Qb4 12. Nc3 Nxe4 13. Nxe4 Qxe4 14. Bf3 Qe6 15. Re1 Qd7 16. Qe2 e6 17. Be3 Bxb2 18. Rab1 Bg7 19. Red1 0-0 20. Nc5 Qc7 21. Ne4 d5 22. Ng5 Ne7 23. g3 Nf5 24. Bb6 Qc6 25. Bf2 b5 26. c4 bxc4 27. Rb6 Qc7 28. Rdb1 Nd4 29. Bxd4 Bxd4 30. R6b4 Ra7 31. Qc2 f5 32. Rd1 Bc5 33. Rbb1 Be7 34. Nh3 Bf6 35. Ng1 Rb7 36. Ne2 Rxb1 37. Qxb1 Bd7 38. Nd4 Rb8 39. Qc2 Qc5 40. Qc3 Bxd4 41. Rxd4 Rb1+ 42. Rd1 Rxd1+ 43. Bxd1 Qf2 0-1

[Event "ZN-2019-0-04099"]
[Site "LSS email"]
[Date "2019.12.13"]
[Round "?"]
[White "Neuhausen, Rainer"]
[Black "Ducharme, Steven"]
[Result "1-0"]
[WhiteElo "997"]
[BlackElo "693"]
[PlyCount "61"]
[EventDate "2019.12.07"]
[EventType "match (corr)"]
[EventRounds "2"]
[EventCountry "GER"]
[SourceTitle "Corr 2022"]
[Source "ChessBase"]
[SourceDate "2021.10.24"]
[SourceVersion "1"]
[SourceVersionDate "2021.10.24"]
[SourceQuality "1"]

1. e4 c6 2. d4 d5 3. exd5 cxd5 4. Nf3 Nf6 5. c4 e6 6. Bd3 Bb4+ 7. Nc3 0-0 8. a3 Bxc3+ 9. bxc3 dxc4 10. Bxc4 Nbd7 11. Bg5 Re8 12. 0-0 Nb6 13. Bb3 h6 14. Bd2 Ne4 15. Rc1 Nxd2 16. Nxd2 Bd7 17. c4 Rc8 18. Ne4 Qe7 19. c5 Nd5 20. Bxd5 exd5 21. Nd6 Rc7 22. Nxe8 Qxe8 23. Re1 Qd8 24. Qe2 Be6 25. a4 a6 26. Qe5 Rc6 27. Rb1 Qc8 28. Rb6 Rxb6 29. cxb6 Qc3 30. Rf1 Qb4 31. Qb8+ 1-0

[Event "RN-2019-0-01583"]
[Site "LSS email"]
[Date "2019.12.05"]
[Round "?"]
[White "Kuttner, Jaromir"]
[Black "Neuhausen, Rainer"]
[Result "1-0"]
[WhiteElo "849"]
[BlackElo "1032"]
[PlyCount "57"]
[EventDate "2019.11.18"]
[EventType "tourn (corr)"]
[EventRounds "6"]
[EventCountry "GER"]
[SourceTitle "Corr 2022"]
[Source "ChessBase"]
[SourceDate "2021.10.24"]
[SourceVersion "1"]
[SourceVersionDate "2021.10.24"]
[SourceQuality "1"]

1. e4 e5 2. Nf3 Nc6 3. d4 exd4 4. Bc4 Bc5 5. c3 Nf6 6. e5 d5 7. Bb5 Ne4 8. Nxd4 0-0 9. f3 Nxd4 10. cxd4 Bb4+ 11. Ke2 Ng5 12. a3 Be7 13. Nc3 c6 14. Bd3 Ne6 15. Be3 Bd7 16. Rf1 c5 17. Nxd5 cxd4 18. Nxe7+ Qxe7 19. Bd2 Nc5 20. Bf4 Ba4 21. Qb1 Ne6 22. Bxh7+ Kh8 23. Bg3 Rac8 24. Kf2 Rc2+ 25. Bxc2 Bb5 26. Bd3 Qc5 27. Rc1 Bxd3 28. Qxd3 Qb6 29. b4 1-0

[Event "SN-2019-0-01003"]
[Site "LSS email"]
[Date "2019.12.04"]
[Round "?"]
[White "Neuhausen, Rainer"]
[Black "Ducharme, Steven"]
[Result "1/2-1/2"]
[WhiteElo "1036"]
[BlackElo "701"]
[PlyCount "42"]
[EventDate "2019.11.12"]
[EventType "tourn (corr)"]
[EventRounds "6"]
[EventCountry "GER"]
[SourceTitle "Corr 2022"]
[Source "ChessBase"]
[SourceDate "2021.10.24"]
[SourceVersion "1"]
[SourceVersionDate "2021.10.24"]
[SourceQuality "1"]

1. e4 c6 2. d4 d5 3. exd5 cxd5 4. Nf3 Nf6 5. Be2 g6 6. 0-0 Bg7 7. c4 0-0 8. Nc3 a6 9. Bg5 e6 10. Rc1 h6 11. Be3 Ng4 12. cxd5 Nxe3 13. fxe3 exd5 14. Nb1 Be6 15. Nc3 Nd7 16. Bd3 Rc8 17. Ne2 f5 18. Rxc8 Qxc8 19. Qc1 Nb6 20. Qxc8 Rxc8 21. Rc1 Rxc1+ 1/2-1/2

[Event "SN-2019-0-01003"]
[Site "LSS email"]
[Date "2019.12.04"]
[Round "?"]
[White "Neuhausen, Rainer"]
[Black "Tolnai, Rudolf"]
[Result "1-0"]
[WhiteElo "1036"]
[BlackElo "855"]
[PlyCount "71"]
[EventDate "2019.11.12"]
[EventType "tourn (corr)"]
[EventRounds "6"]
[EventCountry "GER"]
[SourceTitle "Corr 2022"]
[Source "ChessBase"]
[SourceDate "2021.10.24"]
[SourceVersion "1"]
[SourceVersionDate "2021.10.24"]
[SourceQuality "1"]

1. e4 e5 2. Nf3 Nc6 3. Bb5 Nge7 4. 0-0 a6 5. Ba4 b5 6. Bb3 a5 7. c3 a4 8. Bc2 Ng6 9. d4 exd4 10. cxd4 Bb4 11. Nc3 Bxc3 12. bxc3 h6 13. Ba3 d6 14. e5 0-0 15. exd6 cxd6 16. Qb1 Ba6 17. Re1 Qf6 18. Bxg6 fxg6 19. Qe4 Bb7 20. Qe6+ Kh7 21. Bxd6 Qxe6 22. Rxe6 Na5 23. Bxf8 Rxf8 24. Ne5 Rf6 25. Re7 Ba6 26. Rf7 Re6 27. f4 Rb6 28. Rd1 Nb7 29. d5 Nd6 30. Ra7 Bb7 31. Nd7 Ra6 32. Rxa6 Bxa6 33. Re1 Bb7 34. Nc5 Ba8 35. Re6 Nc4 36. d6 1-0

[Event "RN-2019-0-01582"]
[Site "LSS email"]
[Date "2019.11.29"]
[Round "?"]
[White "Neuhausen, Rainer"]
[Black "Hickl, Norbert"]
[Result "1/2-1/2"]
[WhiteElo "1021"]
[BlackElo "931"]
[PlyCount "100"]
[EventDate "2019.11.16"]
[EventType "tourn (corr)"]
[EventRounds "6"]
[EventCountry "GER"]
[SourceTitle "Corr 2022"]
[Source "ChessBase"]
[SourceDate "2021.10.24"]
[SourceVersion "1"]
[SourceVersionDate "2021.10.24"]
[SourceQuality "1"]

1. e4 e6 2. d4 d5 3. exd5 exd5 4. Bd3 Nf6 5. Nf3 Bd6 6. 0-0 0-0 7. Bg5 h6 8. Be3 Bg4 9. Be2 Nbd7 10. Nbd2 Re8 11. Re1 c5 12. dxc5 Bxc5 13. Bxc5 Nxc5 14. Bb5 Rxe1+ 15. Qxe1 Qb6 16. Bd3 Nxd3 17. cxd3 Re8 18. Qc1 Re2 19. d4 Bxf3 20. Nxf3 Qxb2 21. Qc8+ Kh7 22. Qf5+ Kh8 23. Qc8+ Re8 24. Qc1 Qxc1+ 25. Rxc1 Re2 26. Ra1 Ne4 27. Ne5 Nxf2 28. Nxf7+ Kg8 29. Nd6 Rb2 30. Nc8 Ne4 31. Ne7+ Kh7 32. Nxd5 Rd2 33. h3 Rxd4 34. Re1 Rxd5 35. Rxe4 Ra5 36. a4 a6 37. Kf2 b5 38. axb5 Rxb5 39. Ra4 a5 40. h4 Kg6 41. Rg4+ Kh5 42. Rxg7 Kxh4 43. g3+ Kh5 44. g4+ Kh4 45. Rg6 h5 46. gxh5 Kxh5 47. Rg7 a4 48. Ra7 Rb4 49. Ke2 Kg4 50. Kd2 Kf4 1/2-1/2

[Event "RN-2019-0-01582"]
[Site "LSS email"]
[Date "2019.11.29"]
[Round "?"]
[White "Neuhausen, Rainer"]
[Black "Venturas, Bob"]
[Result "1-0"]
[WhiteElo "1021"]
[BlackElo "577"]
[PlyCount "29"]
[EventDate "2019.11.16"]
[EventType "tourn (corr)"]
[EventRounds "6"]
[EventCountry "GER"]
[SourceTitle "Corr 2022"]
[Source "ChessBase"]
[SourceDate "2021.10.24"]
[SourceVersion "1"]
[SourceVersionDate "2021.10.24"]
[SourceQuality "1"]

1. e4 e5 2. Nf3 Nc6 3. Bb5 Qf6 4. 0-0 d6 5. d4 Bd7 6. Nc3 h6 7. Be3 a6 8. Nd5 Qd8 9. Ba4 Nce7 10. dxe5 Bxa4 11. b3 Bb5 12. c4 Bd7 13. exd6 cxd6 14. Bb6 Qc8 15. Nc7+ 1-0

[Event "RN-2019-0-01582"]
[Site "LSS email"]
[Date "2019.11.29"]
[Round "?"]
[White "Zmolil, Karel"]
[Black "Neuhausen, Rainer"]
[Result "1/2-1/2"]
[WhiteElo "1038"]
[BlackElo "1021"]
[PlyCount "101"]
[EventDate "2019.11.16"]
[EventType "tourn (corr)"]
[EventRounds "6"]
[EventCountry "GER"]
[SourceTitle "Corr 2022"]
[Source "ChessBase"]
[SourceDate "2021.10.24"]
[SourceVersion "1"]
[SourceVersionDate "2021.10.24"]
[SourceQuality "1"]

1. e4 e5 2. Nf3 Nc6 3. d4 exd4 4. Nxd4 Bc5 5. Nxc6 Qf6 6. Qd2 Qxc6 7. Bd3 Nf6 8. Qe2 0-0 9. Be3 Bxe3 10. Qxe3 d6 11. 0-0 Be6 12. Nd2 Rfe8 13. Nf3 Bc4 14. Nd2 Ng4 15. Qd4 Bxd3 16. cxd3 Ne5 17. b3 Qc2 18. Nc4 Qxd3 19. Qxd3 Nxd3 20. f3 Nf4 21. g3 Ne2+ 22. Kf2 Nc3 23. a4 d5 24. exd5 Re2+ 25. Kg1 Rae8 26. d6 cxd6 27. Nxd6 Rd8 28. Nc4 h6 29. Rf2 Rxf2 30. Kxf2 Nd1+ 31. Ke1 Nc3 32. Rc1 Nd5 33. Rd1 Kf8 34. Ne3 Re8 35. Rxd5 Rxe3+ 36. Kf2 Rxb3 37. Re5 Ra3 38. Re4 f6 39. h4 Kf7 40. g4 g6 41. Kg3 Rb3 42. g5 hxg5 43. hxg5 fxg5 44. Rc4 Ke6 45. Kg4 Kd5 46. Re4 Rb1 47. Kxg5 Rg1+ 48. Rg4 Rxg4+ 49. fxg4 b5 50. axb5 Kc5 51. Kxg6 1/2-1/2

[Event "RN-2019-0-01581"]
[Site "LSS email"]
[Date "2019.11.25"]
[Round "?"]
[White "Venturas, Bob"]
[Black "Neuhausen, Rainer"]
[Result "0-1"]
[WhiteElo "584"]
[BlackElo "1036"]
[PlyCount "120"]
[EventDate "2019.11.12"]
[EventType "tourn (corr)"]
[EventRounds "6"]
[EventCountry "GER"]
[SourceTitle "Corr 2022"]
[Source "ChessBase"]
[SourceDate "2021.10.24"]
[SourceVersion "1"]
[SourceVersionDate "2021.10.24"]
[SourceQuality "1"]

1. e4 e5 2. Nf3 Nc6 3. a3 Nf6 4. Nc3 Bc5 5. Bc4 d6 6. h3 0-0 7. 0-0 Re8 8. d3 a6 9. Ng5 Rf8 10. Kh1 h6 11. Nf3 Re8 12. Nh2 Be6 13. Bb3 Bxb3 14. cxb3 Nd4 15. b4 Ba7 16. f4 Nh7 17. f5 f6 18. Qg4 Ng5 19. h4 Nf7 20. Qg6 Nb3 21. Ra2 Nxc1 22. Rxc1 Be3 23. Rf1 Nh8 24. Qg3 Bf4 25. Rxf4 exf4 26. Qxf4 Qe7 27. Nd5 c6 28. Nb6 Rab8 29. Ra1 Qe5 30. Qxe5 dxe5 31. Rd1 Red8 32. Nf1 Nf7 33. Ne3 Nd6 34. b3 Nb5 35. a4 Nd4 36. Rb1 Ne2 37. Rd1 Nf4 38. Nec4 Nxd3 39. Rb1 Nf2+ 40. Kg1 Nxe4 41. a5 Nd2 42. Rd1 Nxb3 43. Nd7 Nd4 44. Nxb8 Rxb8 45. Kf2 Nxf5 46. g3 Nd4 47. Nb6 Kf7 48. Ke1 Nc2+ 49. Ke2 Nxb4 50. Rd7+ Kg6 51. Nc4 Nd5 52. g4 b5 53. Nd6 Nf4+ 54. Ke3 Ng2+ 55. Ke4 Nxh4 56. Ra7 b4 57. Rxa6 b3 58. Rb6 Rxb6 59. axb6 b2 60. b7 b1Q+ 0-1

[Event "RN-2019-0-01578"]
[Site "LSS email"]
[Date "2019.11.17"]
[Round "?"]
[White "Neuhausen, Rainer"]
[Black "Vontina, Maria"]
[Result "0-1"]
[WhiteElo "1031"]
[BlackElo "770"]
[PlyCount "139"]
[EventDate "2019.11.03"]
[EventType "tourn (corr)"]
[EventRounds "6"]
[EventCountry "GER"]
[SourceTitle "Corr 2022"]
[Source "ChessBase"]
[SourceDate "2021.10.24"]
[SourceVersion "1"]
[SourceVersionDate "2021.10.24"]
[SourceQuality "1"]

1. e4 e6 2. d4 d5 3. exd5 exd5 4. Bd3 Nf6 5. Nf3 Bg4 6. 0-0 Be7 7. Bg5 0-0 8. Nbd2 c6 9. h3 Bh5 10. Re1 Nbd7 11. c4 dxc4 12. Bxc4 Nb6 13. Bb3 Nbd5 14. Bc2 Re8 15. Bd3 Bg6 16. Bxg6 hxg6 17. Nc4 Bb4 18. Rxe8+ Qxe8 19. a3 Be7 20. Nce5 Ne4 21. Bxe7 Qxe7 22. Nd2 Nxd2 23. Qxd2 a6 24. Re1 Qd6 25. Nc4 Qc7 26. Qa5 Qxa5 27. Nxa5 Rb8 28. Kf1 Kf8 29. Nc4 Rd8 30. Ne3 Nf6 31. Rd1 Nd5 32. Ke2 f5 33. Kd3 Kf7 34. Nxd5 Rxd5 35. Rc1 g5 36. Rc5 Ke6 37. Kc4 Rd7 38. Re5+ Kf6 39. Re3 Rd5 40. Re8 Rd7 41. Kc5 Kf7 42. Re1 g6 43. Rd1 Ke6 44. b4 Rd5+ 45. Kc4 Kd6 46. a4 b6 47. Re1 Kd7 48. Rh1 f4 49. g3 fxg3 50. fxg3 Rf5 51. Kd3 Rf3+ 52. Kc4 Rxg3 53. b5 axb5+ 54. axb5 cxb5+ 55. Kxb5 Kd6 56. Kxb6 Kd5 57. h4 Kxd4 58. hxg5 Rxg5 59. Rd1+ Ke3 60. Re1+ Kf2 61. Re6 Rg1 62. Rf6+ Ke3 63. Kc5 g5 64. Kc4 g4 65. Kc3 g3 66. Re6+ Kf4 67. Rf6+ Ke3 68. Re6+ Kf2 69. Rf6+ Kg2 70. Re6 0-1

[Event "RN-2019-0-01578"]
[Site "LSS email"]
[Date "2019.11.16"]
[Round "?"]
[White "Kuttner, Jaromir"]
[Black "Neuhausen, Rainer"]
[Result "0-1"]
[WhiteElo "848"]
[BlackElo "1031"]
[PlyCount "26"]
[EventDate "2019.11.03"]
[EventType "tourn (corr)"]
[EventRounds "6"]
[EventCountry "GER"]
[SourceTitle "Corr 2022"]
[Source "ChessBase"]
[SourceDate "2021.10.24"]
[SourceVersion "1"]
[SourceVersionDate "2021.10.24"]
[SourceQuality "1"]

1. e4 e5 2. Nf3 Nc6 3. d4 exd4 4. Bc4 Nf6 5. e5 d5 6. Bb5 Ne4 7. Nxd4 Bc5 8. Nxc6 Bxf2+ 9. Kf1 bxc6 10. Bxc6+ Kf8 11. c4 Qh4 12. Qf3 Bg4 13. Qa3+ Bc5 0-1

[Event "RN-2019-0-01577"]
[Site "LSS email"]
[Date "2019.11.13"]
[Round "?"]
[White "Neuhausen, Rainer"]
[Black "Hickl, Norbert"]
[Result "0-1"]
[WhiteElo "1035"]
[BlackElo "918"]
[PlyCount "56"]
[EventDate "2019.10.27"]
[EventType "tourn (corr)"]
[EventRounds "6"]
[EventCountry "GER"]
[SourceTitle "Corr 2022"]
[Source "ChessBase"]
[SourceDate "2021.10.24"]
[SourceVersion "1"]
[SourceVersionDate "2021.10.24"]
[SourceQuality "1"]

1. e4 e6 2. d4 d5 3. exd5 exd5 4. Bd3 Bd6 5. Nf3 Nf6 6. Bg5 0-0 7. 0-0 Bg4 8. Nbd2 Nbd7 9. h3 Bh5 10. c3 h6 11. Be3 Re8 12. Qc2 c5 13. dxc5 Nxc5 14. Bxc5 Bxc5 15. Rfe1 Qb6 16. Rxe8+ Rxe8 17. Nb3 Bxf3 18. Nxc5 Bxg2 19. Na4 Qc6 20. Kxg2 b5 21. Bxb5 Qxb5 22. b3 Ne4 23. Nb2 Re6 24. c4 dxc4 25. Nxc4 Qg5+ 26. Kf1 Qf5 27. Ne3 Qxh3+ 28. Ke2 Nxf2 0-1

[Event "ZN-2019-0-04074"]
[Site "LSS email"]
[Date "2019.11.08"]
[Round "?"]
[White "Neuhausen, Rainer"]
[Black "Cordes, Michael"]
[Result "1-0"]
[WhiteElo "1031"]
[BlackElo "534"]
[PlyCount "25"]
[EventDate "2019.11.03"]
[EventType "match (corr)"]
[EventRounds "2"]
[EventCountry "GER"]
[SourceTitle "Corr 2022"]
[Source "ChessBase"]
[SourceDate "2021.10.24"]
[SourceVersion "1"]
[SourceVersionDate "2021.10.24"]
[SourceQuality "1"]

1. e4 e5 2. Nf3 Nf6 3. Nxe5 Qe7 4. Nf3 Nxe4 5. Be2 Ng5 6. 0-0 Qc5 7. Nxg5 Qxg5 8. d4 Qg6 9. Bd3 Qd6 10. Re1+ Be7 11. Qe2 h6 12. Bf4 Qb6 13. Qxe7# 1-0